Central Library OPAC University of Rajshahi

ضرب کليم : يعنے، اعلان جنگ دور حاضر کے خلاف / Z̤arb-i Kalīm : yaʻne, Iʻlān-i jang daur-i ḥāẓir ke k̲h̲ilāf / (Record no. 85977)

MARC details
000 -LEADER
fixed length control field 00935cam a2200253 i 4500
001 - CONTROL NUMBER
control field 84908
003 - CONTROL NUMBER IDENTIFIER
rucl marc code BD-RjUL
005 - DATE AND TIME OF LATEST TRANSACTION
control field 20251120115638.0
008 - FIXED-LENGTH DATA ELEMENTS--GENERAL INFORMATION
fixed length control field 250509s1957 pk b 000 0 urd
035 ## - SYSTEM CONTROL NUMBER
System control number (BD-RjUL)84908
040 ## - CATALOGING SOURCE
Original cataloging agency DLC
Language of cataloging eng
Description conventions rda
Transcribing agency DLC
041 ## - LANGUAGE CODE
Language code of text/sound track or separate title urd
082 ## - DEWEY DECIMAL CLASSIFICATION NUMBER
Edition number 23
Classification number 891.43914
Author mark and year IQZ 1957
100 ## - MAIN ENTRY--PERSONAL NAME
Personal name Iqbāl.
9 (RLIN) 17359
245 10 - TITLE STATEMENT
Title ضرب کليم : يعنے، اعلان جنگ دور حاضر کے خلاف / Z̤arb-i Kalīm : yaʻne, Iʻlān-i jang daur-i ḥāẓir ke k̲h̲ilāf /
Statement of responsibility, etc. اقبال., Muhammad Iqbal
264 #1 - PRODUCTION, PUBLICATION, DISTRIBUTION, MANUFACTURE, AND COPYRIGHT NOTICE
Place of production, publication, distribution, manufacture کراچی :
Name of producer, publisher, distributor, manufacturer Iqbal Akademy,
Date of production, publication, distribution, manufacture, or copyright notice 1957
300 ## - PHYSICAL DESCRIPTION
Pagination 182 pages ;
Size 21 cm
520 ## - SUMMARY, ETC.
Summary, etc. Critical study of Z̤arb-i kalīm written by Sir Muhammad Iqbal, 1877-1938.
600 10 - SUBJECT ADDED ENTRY--PERSONAL NAME
Personal name Iqbal, Muhammad,
Titles and other words associated with a name Sir,
Dates associated with a name 1877-1938.
Title of a work Z̤arb-i kalīm.
650 ## - SUBJECT ADDED ENTRY--TOPICAL TERM
Topical term or geographic name as entry element Iqbal’s Urdu
Form subdivision Poetry
9 (RLIN) 17360
700 1# - ADDED ENTRY--PERSONAL NAME
Personal name Iqbal, Muhammad,
Dates associated with a name 1877-1938.
942 ## - ADDED ENTRY ELEMENTS (KOHA)
Source of classification or shelving scheme Dewey Decimal Classification
Koha item type Books
Holdings
Lost status Source of classification or shelving scheme Damaged status Not for loan Collection code Permanent Location Current Location Shelving location Date acquired Source of acquisition Cost, normal purchase price Total Checkouts Full call number Date last seen Copy number Koha item type
  Dewey Decimal Classification   Not For Loan Non-fiction Central Library, University of Rajshahi Central Library, University of Rajshahi Reading Room 09/07/1963 Urdu library , Ghoramara, Rajshahi 3.00   U 891.43914 IQZ 1957 20/11/2025 C-1 Books